<?xml version="1.0" encoding="UTF-8"?>
<collection xmlns="http://www.loc.gov/MARC21/slim">
 <record>
  <leader>01338nam a22002057a 4500</leader>
  <controlfield tag="001">NCT_52588</controlfield>
  <controlfield tag="008">180929b        xxu||||| |||| 00| 0 vie d</controlfield>
  <datafield tag="999" ind1=" " ind2=" ">
   <subfield code="c">2517</subfield>
   <subfield code="d">2517</subfield>
  </datafield>
  <datafield tag="020" ind1=" " ind2=" ">
   <subfield code="c">40000</subfield>
  </datafield>
  <datafield tag="082" ind1="0" ind2="4">
   <subfield code="2">23rd ed.</subfield>
   <subfield code="a">333.916415</subfield>
   <subfield code="b">T103</subfield>
  </datafield>
  <datafield tag="100" ind1="1" ind2=" ">
   <subfield code="a">Ngô Lực Tải</subfield>
  </datafield>
  <datafield tag="245" ind1="1" ind2="0">
   <subfield code="a">Kinh tế biển Việt Nam trên đường phát triển và hội nhập</subfield>
   <subfield code="c">Ngô Lực Tải</subfield>
  </datafield>
  <datafield tag="260" ind1=" " ind2=" ">
   <subfield code="a">TP Hồ Chí Minh</subfield>
   <subfield code="b">Tổng hợp</subfield>
   <subfield code="c">2014</subfield>
  </datafield>
  <datafield tag="300" ind1=" " ind2=" ">
   <subfield code="a">259 tr.</subfield>
   <subfield code="c">21cm</subfield>
  </datafield>
  <datafield tag="520" ind1="3" ind2=" ">
   <subfield code="a">&quot;Tập hợp các bài viết nghiên cứu về vấn đề phát triển kinh tế biển Việt Nam: Vận tải biển, du lịch, đào tạo nguồn nhân lực cho ngành hàng hải... Phân tích những tác động của biến đổi khí hậu đến việc phát triển kinh tế biển ở Việt Nam trong giai đoạn hiện nay&quot;</subfield>
  </datafield>
  <datafield tag="653" ind1=" " ind2=" ">
   <subfield code="a">Quản trị kinh doanh</subfield>
  </datafield>
  <datafield tag="942" ind1=" " ind2=" ">
   <subfield code="2">ddc</subfield>
   <subfield code="c">BK</subfield>
  </datafield>
  <datafield tag="952" ind1=" " ind2=" ">
   <subfield code="0">0</subfield>
   <subfield code="1">0</subfield>
   <subfield code="2">ddc</subfield>
   <subfield code="4">0</subfield>
   <subfield code="6">333_916415000000000_T103</subfield>
   <subfield code="7">0</subfield>
   <subfield code="9">14341</subfield>
   <subfield code="a">000001</subfield>
   <subfield code="b">000001</subfield>
   <subfield code="d">2018-09-29</subfield>
   <subfield code="o">333.916415 T103</subfield>
   <subfield code="p">MD.13495</subfield>
   <subfield code="r">2018-09-29</subfield>
   <subfield code="v">40000.00</subfield>
   <subfield code="w">2018-09-29</subfield>
   <subfield code="y">BK</subfield>
  </datafield>
  <datafield tag="952" ind1=" " ind2=" ">
   <subfield code="0">0</subfield>
   <subfield code="1">0</subfield>
   <subfield code="2">ddc</subfield>
   <subfield code="4">0</subfield>
   <subfield code="6">333_916415000000000_T103</subfield>
   <subfield code="7">0</subfield>
   <subfield code="9">14773</subfield>
   <subfield code="a">000001</subfield>
   <subfield code="b">000001</subfield>
   <subfield code="d">2018-10-27</subfield>
   <subfield code="o">333.916415 T103</subfield>
   <subfield code="p">MD.13748</subfield>
   <subfield code="r">2018-10-27</subfield>
   <subfield code="v">40000.00</subfield>
   <subfield code="w">2018-10-27</subfield>
   <subfield code="y">BK</subfield>
  </datafield>
  <datafield tag="980" ind1=" " ind2=" ">
   <subfield code="a">Thư viện Trường Đại học Nam Cần Thơ</subfield>
  </datafield>
 </record>
</collection>
